Представление документа в формате RUSMARC

ПолеНазваниеЗначение
  Тип записи a
  Библиографический уровень m
001 Контрольный номер RU/SLIB/B/208712628
005 Дата корректировки 20201206203916.1
010 Индекс ISBN __
d Цена 5-00
101 Язык документа __
a Язык текста ger
c Язык оригинала rus
200 Заглавие и сведения об ответственности 1_
a Заглавие Chronik meines musikalischen Lebens
f Первые сведения об ответственности N. A. Rimski-Korsakow
b Общее обозначение материала Текст
210 Выходные данные __
a Место издания Leipzig
c Издательство Verlag Philipp Reclam
d Дата издания 1968
215 Физическое описание __
a Объем 528 с.
300 Общие примечания __
a Общие примечания Текст на нем. яз.
517 Другие варианты заглавия __
a Другие варианты заглавия Летопись моей музыкальной жизни
606 Тематические рубрики __
a Основная рубрика Музыка и зрелищные искусства
z Хронологическая подрубрика 19 в.
y Географическая подрубрика Россия
606 Тематические рубрики __
a Основная рубрика История музыки
610 Ключевые слова __
a Ключевые слова персоналии; биографии; музыкальная культура; композиторы; оперы; оперная музыка
686 Индексы других классификаций __
a Классификационный индекс 85.313(2=411.2)52-022.9
700 Автор _2
a Фамилия Rimski-Korsakow
b Имя N. A.
4 Код отношения 070
801 Источник записи _0
a Страна RU
b Организация Муниципальное бюджетное учреждение культуры "Централизованная библиотечная система" г. Сургут (Центральная городская библиотека им. А. С. Пушкина)
g Правила каталогизации ОБ/Котельникова
801 Источник записи _1
a Страна RU
b Организация Муниципальное бюджетное учреждение культуры "Централизованная библиотечная система" г. Сургут (Центральная городская библиотека им. А. С. Пушкина)
g Правила каталогизации ОБ/Котельникова
852 Данные о местонахождении __
j Шифр хранения 85.313(2=411.2)52-022.9
c Каталожный индекс 85.313(2)1-8
i Авторский знак R 58
901 Тип документа __
t Тип документа m
903 Характеристики (МАРС) __
a Дата передачи 20010125
990 Данные о заказе (DOS) 00
j Количество экземпляров (DOS) 1
t N записи в КСУ для И/У (DOS) 200101